[Event "It (w)"]
[Site "masterchessopen.com Belgrade (Yugoslavia)"]
[Round "4"]
[White "Zhukova Natalia (UKR)"]
[Black "Maric Mirjana (SRB)"]
[Result "1-0"]
[WhiteElo "2330"]
[BlackElo "2305"]

1.d4 Nf6 2.Nf3 e6 3.e3 d5 4.c4 Bb4+ 5.Nc3 O-O 6.Bd3 c5 7.O-O Nc6 8.a3 Bxc3
9.bxc3 Qc7 10.a4 dxc4 11.Bxc4 e5 12.Ba3 b6 13.Bb5 e4 14.Nd2 Na5 15.Be2 Re8
16.c4 Bf5 17.Bb2 Rad8 18.d5 Rd6 19.f4 exf3 20.Rxf3 Bg6 21.Ra3 Qd8 22.Qa1 Ne4
23.Nxe4 Bxe4 24.Rg3 f6 25.Qf1 Qe7 26.Qf4 Kh8 27.Ra1 Nb3 28.Rf1 Nd2 29.Rd1 Nb3
30.Bc3 Na5 31.Rf1 Nb7 32.Qh4 Bg6 33.Rf4 Bc2 34.e4 Bxe4 35.Re3 f5 36.Rexe4 Qxe4
37.Rxe4 Rxe4 38.Qg5 Rg6 39.Qxf5 Re8 40.Bh5 Nd6 41.Qd7 {#r} 1-0

[Event "It (a)"]
[Site "masterchessopen.com Budapest (Hungary)"]
[Round "9"]
[White "Lugovoi Aleksei (RUS)"]
[Black "Acs Peter (HUN)"]
[Result "1-0"]
[WhiteElo "2520"]
[BlackElo "2460"]

1.d4 Nf6 2.c4 e6 3.Nc3 Bb4 4.e3 O-O 5.Bd3 d5 6.Nf3 c5 7.O-O Nc6 8.a3 Bxc3
9.bxc3 Qc7 10.cxd5 exd5 11.a4 Re8 12.Nh4 c4 13.Bc2 Qa5 14.Qe1 Ne4 15.Bb2 Qd8
16.f3 Nd2 17.Qxd2 Qxh4 18.e4 Be6 19.Ba3 Qd8 20.Rab1 b6 21.Rfe1 Rb8 22.Qf4 Qd7
23.Kf2 f6 24.h4 Bf7 25.g4 a6 26.Bd6 Rb7 27.exd5 Ne7 28.Bxe7 Rxe7 29.d6 {#r}
1-0

[Event "Ch Finland (open)"]
[Site "masterchessopen.com Naantali (Finland)"]
[Round "0"]
[White "Kanko Ilkka (FIN)"]
[Black "Veingold Aleksandr (EST)"]
[Result "0-1"]
[WhiteElo "2255"]
[BlackElo "2450"]

1.d4 Nf6 2.c4 e6 3.Nc3 Bb4 4.e3 O-O 5.Bd3 d5 6.Nf3 c5 7.O-O Nc6 8.a3 Bxc3
9.bxc3 Qc7 10.cxd5 exd5 11.h3 Re8 12.dxc5 Na5 13.Rb1 Qxc5 14.Rb5 Qc7 15.Qa4 b6
16.Rxd5 Bd7 17.Bxh7+ Kxh7 18.Qh4+ Kg8 19.Rg5 Re4 20.Qh6 Ne8 21.c4 Nxc4 22.g4
Qd6 23.Qh5 Qf6 24.Nd4 Re5 25.Nf5 Bxf5 26.gxf5 Ned6 {#R} 0-1

[Event "It (open)"]
[Site "masterchessopen.com Neuchatel (Switzerland)"]
[Round "4"]
[White "Cruceli Salvatore (SUI)"]
[Black "Maric Alisa (SRB)"]
[Result "0-1"]
[WhiteElo "2121"]
[BlackElo "2460"]

1.d4 Nf6 2.c4 e6 3.Nc3 Bb4 4.e3 O-O 5.Bd3 d5 6.Nf3 c5 7.O-O Nc6 8.a3 Bxc3
9.bxc3 Qc7 10.cxd5 exd5 11.h3 Re8 12.c4 cxd4 13.exd4 dxc4 14.Bxc4 Bf5 15.Bg5
Ne4 16.Rc1 Qd6 17.d5 Ne7 18.Bxe7 Rxe7 19.Nd4 Bd7 20.Qd3 Rae8 21.Rfd1 a6 22.Qf3
Re5 23.Ba2 h5 24.Ne6 Bc8 25.Nd4 Ng5 26.Qg3 Ne4 27.Qf3 Nf6 28.Qg3 h4 29.Qxh4
Qxa3 30.Bb1 Rxd5 31.Nf3 Rxd1+ 32.Rxd1 Qa5 33.Ng5 Re1+ 34.Kh2 Rxd1 35.Nh7 Qc7+
36.g3 Rxb1 37.Nxf6+ gxf6 {#R} 0-1

[Event "It (open)"]
[Site "masterchessopen.com Ueckermuende (Germany)"]
[Round "2"]
[White "Zeeck Detlef"]
[Black "Ksieski Zbigniew (POL)"]
[Result "0-1"]
[WhiteElo "1850"]
[BlackElo "2390"]

1.d4 Nf6 2.c4 e6 3.Nc3 Bb4 4.e3 O-O 5.Bd3 c5 6.Nf3 d5 7.O-O Nc6 8.a3 Bxc3
9.bxc3 Qc7 10.Qc2 dxc4 11.Bxc4 e5 12.Bd3 h6 13.Bb2 Re8 14.dxe5 Ng4 15.c4 Ngxe5
16.Nxe5 Nxe5 17.Be4 Bd7 18.Bd5 Bc6 19.e4 Bxd5 20.exd5 f6 21.Rfe1 Nf7 22.Re2
Rxe2 23.Qxe2 Nd6 24.Re1 Re8 25.Qd1 Qd7 {#R} 0-1

[Event "It \"]
[Site "masterchessopen.com Belgrade (Yugoslavia)"]
[Round "10"]
[White "Milanovic Danilo (SRB)"]
[Black "Maric Dragan (SRB)"]
[Result "1-0"]
[WhiteElo "2420"]
[BlackElo "2305"]

1.d4 Nf6 2.c4 e6 3.Nc3 Bb4 4.e3 O-O 5.Bd3 d5 6.Nf3 c5 7.O-O Nc6 8.a3 Bxc3
9.bxc3 Qc7 10.cxd5 exd5 11.a4 c4 12.Bc2 Bg4 13.Qe1 Ne4 14.Nh4 Bh5 15.f3 Nd6
16.e4 Bg6 17.Nxg6 hxg6 18.e5 Nf5 19.Qf2 Nd8 20.f4 Ne7 21.g4 f5 22.exf6 gxf6
23.Ba3 Ndc6 24.Rae1 Rf7 25.Re6 Rd8 26.Rfe1 Rd7 27.Kg2 Kg7 28.Bc1 Ng8 29.f5 g5
30.h4 {#r} 1-0

[Event "Cup President"]
[Site "masterchessopen.com Elista (Russia)"]
[Round "1"]
[White "Lusto Alexey (RUS)"]
[Black "Aleksandrov Aleksej (BLR)"]
[Result "0-1"]
[WhiteElo "2375"]
[BlackElo "2595"]

1.d4 Nf6 2.c4 e6 3.Nf3 d5 4.Nc3 Bb4 5.e3 O-O 6.Bd3 c5 7.O-O Nc6 8.a3 Bxc3
9.bxc3 Qc7 10.cxd5 exd5 11.Nh4 Qa5 12.Bb2 c4 13.Bc2 Re8 14.Qe1 Ne7 15.f3 Bd7
16.a4 Ng6 17.e4 dxe4 18.fxe4 Bc6 19.e5 Qb6 20.Qf2 Qxb2 21.exf6 Qxc3 22.Nf5
gxf6 23.Nh6+ Kg7 24.Nf5+ Kh8 25.Rac1 Qa3 26.Rcd1 Bd7 27.Nh6 Kg7 28.Nxf7 Qe7
{#R} 0-1

[Event "Oberliga Northeast 1998/99"]
[Site "masterchessopen.com Germany"]
[Round "0"]
[White "Laske Matthias (GER)"]
[Black "Boetzer Detlef (GER)"]
[Result "1-0"]
[WhiteElo "2209"]
[BlackElo "2286"]

1.d4 e6 2.c4 Nf6 3.Nc3 Bb4 4.e3 O-O 5.Bd3 d5 6.Nf3 c5 7.O-O Nc6 8.a3 Bxc3
9.bxc3 Qc7 10.cxd5 exd5 11.Nh4 Re8 12.f3 Na5 13.Ra2 Qe7 14.g3 Bh3 15.Re1 cxd4
16.cxd4 Rac8 17.Ng2 Bxg2 18.Kxg2 Qd6 19.Qa4 Nc6 20.Bd2 g6 21.Rb2 Rc7 22.Reb1
b6 23.Rc1 Na5 24.Rxc7 Qxc7 25.Rc2 Qe7 26.Bb5 Rb8 27.Qb4 Qe6 28.Rc7 Rc8
29.Rxc8+ Qxc8 30.Qc3 Qd8 31.Qc2 Ne8 32.Bxa5 bxa5 33.Qc5 Nc7 34.Bc6 Qb8 35.Qxa5
Qb2+ 36.Kh3 Ne6 37.Qxd5 Qxa3 38.Qe5 Qc1 39.Bb5 h6 40.f4 Qb2 41.Bc4 Qb6 42.d5
Ng7 43.d6 Qc6 44.Bb5 Qc3 45.d7 Ne6 46.Qxe6 {#r} 1-0

[Event "Ch World (seniors)"]
[Site "masterchessopen.com Grieskirchen (Austria)"]
[Round "8"]
[White "Lapienis Donatas (LTU)"]
[Black "Scheipl Ralf (GER)"]
[Result "1-0"]
[WhiteElo "2305"]
[BlackElo "2270"]

1.d4 Nf6 2.c4 e6 3.Nc3 Bb4 4.e3 c5 5.Nf3 O-O 6.Bd3 d5 7.O-O Nc6 8.a3 Bxc3
9.bxc3 Qc7 10.Bb2 dxc4 11.Bxc4 e5 12.Rc1 Bg4 13.h3 Bh5 14.g4 Bg6 15.Qe2 Be4
16.Rfd1 Rae8 17.Bb5 Bxf3 18.Qxf3 Qb6 19.c4 cxd4 20.exd4 e4 21.Qe3 a6 22.Bxc6
bxc6 23.Bc3 Rd8 24.g5 Nh5 25.Qxe4 Rfe8 26.Qg4 g6 27.d5 c5 28.Re1 Qd6 29.Re4 f5
30.gxf6 Nxf6 31.Bxf6 Qxf6 32.Rce1 Rxe4 33.Qxe4 Rf8 34.Qe3 Qd6 35.Kg2 Rf4
36.Qg3 Qf6 37.Re8+ Kg7 38.Re7+ Kh6 39.Qe3 Qd4 40.d6 g5 41.d7 {#r} 1-0

[Event "It (open)"]
[Site "masterchessopen.com Helsinki (Finland)"]
[Round "2"]
[White "Kanko Ilkka (FIN)"]
[Black "Veingold Aleksandr (EST)"]
[Result "0-1"]
[WhiteElo "2270"]
[BlackElo "2485"]

1.d4 Nf6 2.c4 e6 3.Nc3 Bb4 4.e3 O-O 5.Bd3 d5 6.Nf3 c5 7.O-O Nc6 8.a3 Bxc3
9.bxc3 Qc7 10.cxd5 exd5 11.a4 Re8 12.Ba3 c4 13.Bc2 Qa5 14.Qc1 Bg4 15.Qb2 Qc7
16.Rae1 Ne4 17.Bxe4 Rxe4 18.Nd2 Ree8 19.e4 Na5 20.Qb5 Be6 21.Bb4 Nb3 22.Nxb3
cxb3 23.exd5 a6 24.Qe2 Bd7 25.Qd3 a5 26.Ba3 Bxa4 27.c4 Qd7 28.Re3 b5 29.Rfe1
bxc4 30.Qxc4 Rxe3 31.fxe3 Rd8 32.e4 Qb5 33.Qxb5 Bxb5 34.Rc1 Bd3 35.Rc7 Bxe4
36.d6 Bf5 37.Rc5 a4 38.Rxf5 b2 39.Bxb2 Rxd6 40.Ra5 h5 41.Rxa4 Rb6 42.Bc3 Rb3
43.Rc4 Kf8 44.Rc7 Ke8 45.d5 Kd8 46.h4 Kxc7 {#R} 0-1

[Event "It (open)"]
[Site "masterchessopen.com Ljubljana (Slovenia)"]
[Round "9"]
[White "Nikolov Sasho (BUL)"]
[Black "Palac Mladen (CRO)"]
[Result "1-0"]
[WhiteElo "2400"]
[BlackElo "2560"]

1.d4 Nf6 2.c4 e6 3.Nc3 Bb4 4.e3 O-O 5.Bd3 d5 6.Nf3 c5 7.O-O Nc6 8.a3 Bxc3
9.bxc3 Qc7 10.cxd5 exd5 11.Nh4 Qa5 12.Bb2 Re8 13.Re1 Ne4 14.c4 dxc4 15.Bxc4
Qd8 16.Qh5 Qf6 17.Re2 g6 18.Qh6 cxd4 19.exd4 Bd7 20.Nf3 Na5 21.d5 Nc3 22.Rc2
Nxc4 23.Bxc3 Ne5 24.Nxe5 Rxe5 25.f4 Qb6+ {#r} 1-0

[Event "Ch France (b)"]
[Site "masterchessopen.com Meribel (France)"]
[Round "6"]
[White "Mancini Mario (FRA)"]
[Black "Fontaine Robert (FRA)"]
[Result "1-0"]
[WhiteElo "2285"]
[BlackElo "2360"]

1.d4 Nf6 2.c4 e6 3.Nc3 Bb4 4.e3 O-O 5.Bd3 d5 6.Nf3 c5 7.O-O Nc6 8.a3 Bxc3
9.bxc3 Qc7 10.cxd5 exd5 11.Nh4 Qa5 12.Bb2 c4 13.Bc2 Re8 14.Qe1 Qd8 15.f3 Qe7
16.Bc1 b5 17.Qf2 h6 18.Bd2 a5 19.Rfe1 Be6 20.e4 g5 21.exd5 Nxd5 22.Nf5 Bxf5
23.Rxe7 Ncxe7 24.Rc1 b4 25.h4 Bxc2 26.Rxc2 bxc3 27.Bxc3 Nf5 28.hxg5 hxg5
29.Bd2 f6 30.Rxc4 Rab8 31.Bc1 Nf4 32.Bxf4 gxf4 33.Rc1 Ng3 34.Re1 Kg7 35.Rxe8
Rxe8 36.Qd2 Kg6 37.d5 Kg5 38.d6 Re2 39.Qxa5+ Kh4 40.d7 Rb2 41.Qe1 Rb8 42.Qd1
Rd8 43.Qd6 Kg5 44.Kf2 Kg6 45.Qxf4 {#r} 1-0

[Event "Memorial C.Torre"]
[Site "masterchessopen.com Merida (Mexico)"]
[Round "5"]
[White "Alonso Luis (CUB)"]
[Black "Huerta Ramon (CUB)"]
[Result "0-1"]
[WhiteElo "2054"]
[BlackElo "2270"]

1.d4 d5 2.c4 e6 3.Nc3 Nf6 4.Nf3 Bb4 5.e3 O-O 6.a3 Bxc3+ 7.bxc3 c5 8.Bd3 Nc6
9.O-O Qc7 10.cxd5 exd5 11.h3 c4 12.Bc2 Re8 13.Nd2 Ne7 14.e4 dxe4 15.Nxe4 Nxe4
16.Bxe4 Bf5 17.Re1 Bxe4 18.Rxe4 Nd5 19.Rxe8+ Rxe8 20.Bd2 Qd7 21.Qf3 b5 22.Kf1
f6 23.Re1 Rc8 24.Qe4 a5 25.Kg1 h6 26.Qf3 b4 27.axb4 axb4 28.cxb4 c3 29.Be3
Nxb4 30.Qd1 Qd5 31.Qa4 Nd3 32.Ra1 c2 33.Qa3 Qc4 34.Bc1 Qxd4 35.Qb3+ Kh8 36.Qa3
Qxf2+ 37.Kh1 Qd4 {#R} 0-1

[Event "Ch Moscow (open)"]
[Site "masterchessopen.com Moscow (Russia)"]
[Round "1"]
[White "Korotylev Alexey (RUS)"]
[Black "Izoria Zviad (GEO)"]
[Result "1-0"]
[WhiteElo "2465"]
[BlackElo "2250"]

1.d4 Nf6 2.c4 e6 3.Nc3 Bb4 4.e3 O-O 5.Bd3 c5 6.Nf3 d5 7.O-O Nc6 8.a3 Bxc3
9.bxc3 Qc7 10.cxd5 exd5 11.a4 c4 12.Bc2 Bg4 13.Qe1 Rfe8 14.Nh4 Bh5 15.f3 Bg6
16.Nxg6 hxg6 17.e4 Re6 18.e5 Nd7 19.f4 f5 20.g4 Ne7 21.Ba3 Rf8 22.Qh4 Nb8
23.Rf3 Nbc6 24.Rh3 Kf7 25.Qh7 fxg4 26.f5 gxf5 27.Bxf5 gxh3 28.Rf1 Rh6 29.Bd7+
{#r} 1-0

[Event "Memorial Goldberg"]
[Site "masterchessopen.com Moscow (Russia)"]
[Round "2"]
[White "Grabuzova Tatiana (RUS)"]
[Black "Danielian Oganes (ARM)"]
[Result "0-1"]
[WhiteElo "2345"]
[BlackElo "2490"]

1.d4 Nf6 2.c4 e6 3.Nc3 Bb4 4.e3 O-O 5.Bd3 d5 6.Nf3 c5 7.O-O Nc6 8.a3 Bxc3
9.bxc3 Qc7 10.Qe2 Rd8 11.Rd1 b6 12.Bb2 dxc4 13.Bxc4 Bb7 14.e4 Ne7 15.Bd3 Ng6
16.g3 Rac8 17.Nd2 c4 18.Bc2 Qc6 19.f3 e5 20.Nf1 Qb5 {#R} 0-1

[Event "Ch Spain (team)"]
[Site "masterchessopen.com Salamanca (Spain)"]
[Round "5"]
[White "Garza Marco Sergio (ESP)"]
[Black "Solana Suarez Ernesto (ESP)"]
[Result "0-1"]
[WhiteElo "2255"]
[BlackElo "2285"]

1.d4 Nf6 2.c4 e6 3.Nc3 Bb4 4.e3 O-O 5.Bd3 d5 6.Nf3 c5 7.O-O Nc6 8.a3 Bxc3
9.bxc3 Qc7 10.cxd5 exd5 11.a4 Re8 12.Nh4 Ne4 13.Qe1 Qa5 14.f3 Nxc3 15.dxc5
Qxc5 16.Nf5 Nb4 17.Nxg7 Nxd3 18.Qd2 Nxc1 19.Nxe8 N1e2+ 20.Kh1 Qe7 21.e4 Be6
22.exd5 Bxd5 23.Nc7 Qxc7 24.Qg5+ Kf8 25.Qh6+ Ke7 26.Rfe1 Qe5 27.Qh4+ Kf8
28.Qxh7 Qg7 29.Qf5 Re8 30.a5 Re6 31.a6 bxa6 32.Qd3 Qh6 33.h3 Qg5 34.Kh2 Qf4+
35.Kh1 {#R} 0-1

[Event "Ch Hessen (open)"]
[Site "masterchessopen.com Hessen (Germany)"]
[Round "4"]
[White "Genkin Michael (GER)"]
[Black "Tischbierek Raj (GER)"]
[Result "0-1"]
[WhiteElo "2176"]
[BlackElo "2544"]

1.d4 Nf6 2.c4 e6 3.Nc3 Bb4 4.e3 O-O 5.Bd3 d5 6.Nf3 c5 7.O-O Nc6 8.a3 Bxc3
9.bxc3 Qc7 10.cxd5 exd5 11.Re1 c4 12.Bb1 Bg4 13.Qc2 Bh5 14.Nd2 Bg6 15.Qb2 Rfe8
16.f3 Re6 17.Bxg6 hxg6 18.Qc2 Nh5 19.Nf1 Nf4 20.Bd2 Nd3 21.Reb1 f5 22.Ra2 g5
23.Be1 Rae8 24.Bf2 f4 25.exf4 gxf4 26.Bh4 b6 27.Rd1 Na5 28.h3 Nb7 29.Rxd3 cxd3
30.Qxd3 Nd6 31.Bg5 Qc4 32.Qxc4 Nxc4 33.Bxf4 Re2 {#R} 0-1

[Event "Cup European Club (w)"]
[Site "masterchessopen.com Nova Gorica (Slovenia)"]
[Round "4"]
[White "Mira Helene (AUT)"]
[Black "Lakos Nikoletta (HUN)"]
[Result "0-1"]
[WhiteElo "2177"]
[BlackElo "2335"]

1.d4 Nf6 2.c4 e6 3.Nc3 Bb4 4.e3 O-O 5.Bd3 d5 6.Nf3 c5 7.O-O Nc6 8.a3 Bxc3
9.bxc3 Qc7 10.cxd5 exd5 11.Re1 Bg4 12.h3 Bh5 13.g4 Bg6 14.Nh4 c4 15.Bf1 Ne4
16.Qc2 Qe7 17.Nxg6 fxg6 18.f4 Qh4 19.Bb2 g5 20.f5 g6 21.Qg2 gxf5 22.Re2 Rae8
23.Rc1 Kg7 24.gxf5 Rxf5 25.Qh2 Ng3 26.Rf2 Rxe3 27.Rxf5 Nxf5 28.Rc2 Rg3+ 29.Rg2
Rxg2+ 30.Qxg2 Ne3 31.Qe2 Qf4 32.Bg2 Qg3 33.Qf3 Qxg2+ 34.Qxg2 Nxg2 35.Kxg2 Kf6
36.Kf3 Kf5 {#R} 0-1

[Event "Ch Croatia (team) (1st league)"]
[Site "masterchessopen.com Pula (Croatia)"]
[Round "4"]
[White "Filipovic Marko (CRO)"]
[Black "Brulic Denis (CRO)"]
[Result "1-0"]
[WhiteElo "2241"]
[BlackElo "2121"]

1.d4 Nf6 2.c4 e6 3.Nc3 Bb4 4.e3 c5 5.Bd3 Nc6 6.Nf3 d5 7.O-O O-O 8.a3 Bxc3
9.bxc3 Qc7 10.cxd5 exd5 11.a4 c4 12.Bc2 Bg4 13.Qe1 Ne4 14.Ba3 Rfe8 15.Ne5 Nxe5
16.dxe5 Bf5 17.f3 Ng3 18.e4 Nxf1 19.exf5 Nxh2 20.Kxh2 Rxe5 21.Qg3 f6 22.Rd1
Rae8 23.Rxd5 Qf7 24.Rd4 Kh8 25.Qg4 Re2 26.Be4 Ra2 27.Bd6 Rxa4 28.Bd5 Qd7
29.Be6 Qc6 30.Qh5 Ra5 31.Qxh7+ {#r} 1-0

[Event "It"]
[Site "masterchessopen.com Ukraine"]
[Round "0"]
[White "Alexandrova Olga (ESP)"]
[Black "Agopov Mikael (FIN)"]
[Result "0-1"]
[WhiteElo "2300"]
[BlackElo "2409"]

1.d4 Nf6 2.c4 e6 3.Nc3 Bb4 4.e3 c5 5.Bd3 O-O 6.Nf3 d5 7.O-O Nc6 8.a3 Bxc3
9.bxc3 Qc7 10.Qc2 Na5 11.cxd5 c4 12.Be2 exd5 13.Nd2 Re8 14.Re1 g6 15.Bf1 Bf5
16.Qd1 h5 17.Ra2 Re6 18.a4 Kg7 19.Ba3 Rh8 20.Rb2 Ng4 21.Nf3 Be4 22.g3 h4
23.Ng5 hxg3 24.Nxe6+ fxe6 25.fxg3 Qxg3+ 26.Rg2 Rxh2 {#R} 0-1

[Event "It (open)"]
[Site "masterchessopen.com Washington (USA)"]
[Round "5"]
[White "Bengtson Matthew (USA)"]
[Black "Hoekstra Matthew (USA)"]
[Result "1-0"]
[WhiteElo "2306"]
[BlackElo "2155"]

1.d4 Nf6 2.c4 e6 3.Nc3 Bb4 4.e3 O-O 5.Bd3 c5 6.Nf3 d5 7.O-O Nc6 8.a3 Bxc3
9.bxc3 Qc7 10.cxd5 exd5 11.a4 Re8 12.Ba3 c4 13.Bc2 Bg4 14.Qe1 Qd7 15.Nh4 g5
16.f3 Be6 17.f4 gxh4 18.f5 Ne4 19.Bxe4 dxe4 20.fxe6 Rxe6 21.Qxh4 Rae8 22.Qg4+
Kh8 23.Qf5 Nb8 24.Qxf7 Qxf7 25.Rxf7 Rb6 26.Bc5 Rb3 27.d5 Rg8 28.Raf1 Na6
29.Bd4+ {#r} 1-0

[Event "It (open)"]
[Site "masterchessopen.com Bergen (Norway)"]
[Round "1"]
[White "Aarland Stein Arild (NOR)"]
[Black "Johannessen Leif Erlend (NOR)"]
[Result "1-0"]
[WhiteElo "2259"]
[BlackElo "2422"]

1.d4 e6 2.c4 Nf6 3.Nc3 Bb4 4.e3 O-O 5.Bd3 d5 6.Nf3 c5 7.O-O Nc6 8.a3 Bxc3
9.bxc3 Qc7 10.Qe2 dxc4 11.Bxc4 e5 12.d5 e4 13.dxc6 Bg4 14.cxb7 Qxb7 15.Qb2
Qxb2 16.Bxb2 exf3 17.a4 Rfd8 18.h3 Bh5 19.Bb5 fxg2 20.Kxg2 Rd6 21.f3 Nd5
22.Kf2 a6 23.Bc4 Nb6 24.Be2 Rb8 25.Bc1 a5 26.e4 Re8 27.Bb5 Re7 28.Be3 Rf6
29.Kg3 Re5 30.Rad1 g5 31.Rd8+ Kg7 32.c4 Rxe4 33.fxe4 Rxf1 34.Bxc5 {#r} 1-0

[Event "It (open)"]
[Site "masterchessopen.com Ceske Budejovice (Czech Republic)"]
[Round "4"]
[White "Koukolik Alexander (CZE)"]
[Black "Hladik Lumir (CZE)"]
[Result "1-0"]
[WhiteElo "2138"]
[BlackElo "2064"]

1.d4 Nf6 2.c4 e6 3.Nc3 Bb4 4.e3 d5 5.Nf3 O-O 6.Bd3 c5 7.a3 Bxc3+ 8.bxc3 Nc6
9.O-O Qc7 10.cxd5 exd5 11.h3 Re8 12.dxc5 Ne4 13.c4 Be6 14.Bb2 Nxc5 15.cxd5
Nxd3 16.Qxd3 Rad8 17.Qc3 {#r} 1-0

[Event "It (open)"]
[Site "masterchessopen.com Epikinoni (Greece)"]
[Round "5"]
[White "Nesic Nebojsa (SRB)"]
[Black "Klimis Laertis (GRE)"]
[Result "1-0"]
[WhiteElo "2234"]
[BlackElo "2052"]

1.d4 Nf6 2.c4 e6 3.Nc3 Bb4 4.e3 O-O 5.Bd3 c5 6.Nf3 Nc6 7.O-O d5 8.a3 Bxc3
9.bxc3 Qc7 10.cxd5 exd5 11.dxc5 Bg4 12.a4 Rfe8 13.Bb5 a6 14.Bxc6 bxc6 15.Qd3
Bxf3 16.gxf3 Re5 17.f4 Re4 18.f3 Rc4 19.Kh1 Qa5 20.Rg1 Ne8 21.Qf5 Qxc3 22.Qe5
Qa5 23.Ra3 Qd8 24.Rb3 Qf6 25.Rb7 Qxe5 26.fxe5 Rxa4 27.Bb2 Rc4 28.f4 a5 29.f5
a4 30.f6 g6 31.e6 Nxf6 {#r} 1-0

[Event "Ch India (b)"]
[Site "masterchessopen.com Jamshedpur (India)"]
[Round "12"]
[White "Shankar Roy (IND)"]
[Black "Atanu Lahiri (IND)"]
[Result "0-1"]
[WhiteElo "2326"]
[BlackElo "2426"]

1.d4 Nf6 2.c4 e6 3.Nc3 Bb4 4.e3 O-O 5.Nf3 d5 6.Bd3 c5 7.O-O Nc6 8.a3 Bxc3
9.bxc3 Qc7 10.Qc2 Na5 11.Ne5 b6 12.cxd5 c4 13.Be2 exd5 14.f3 Nc6 15.Nxc6 Qxc6
16.e4 dxe4 17.Bg5 exf3 18.Bxf3 Nd5 19.Rae1 Be6 20.Be4 h6 21.Bc1 Rad8 22.Qf2
Qd6 23.Bd2 Bd7 24.Qf3 Bc8 25.Bc2 Qxa3 26.Re5 Qd6 27.Be4 Ne7 28.Bf4 Ng6 29.Qh5
Nxf4 30.Rxf4 Qa3 31.Rf3 Qc1+ 32.Rf1 Qxc3 33.Kh1 Qxd4 34.Re7 Be6 35.Bc2 Qd2
{#R} 0-1

[Event "It (cat.4)"]
[Site "masterchessopen.com Kharkov (Ukraine)"]
[Round "10"]
[White "Ivanov Andrey A (UKR)"]
[Black "Shalimov Valery (UKR)"]
[Result "0-1"]
[WhiteElo "2297"]
[BlackElo "2406"]

1.d4 Nf6 2.c4 e6 3.Nc3 Bb4 4.e3 O-O 5.Nf3 c5 6.Bd3 d5 7.a3 Bxc3+ 8.bxc3 Nc6
9.O-O Qc7 10.Qc2 dxc4 11.Bxc4 e5 12.Bd3 Re8 13.e4 exd4 14.cxd4 Bg4 15.e5 Bxf3
16.exf6 Nxd4 17.Bxh7+ Kh8 18.fxg7+ Kxg7 19.Bb2 Rad8 20.gxf3 Rh8 21.Kh1 Kf8
22.Qe4 f5 23.Qh4 Rxh7 24.Qf6+ Ke8 25.Qg6+ Qf7 26.Qg5 Rxh2+ {#R} 0-1

[Event "Ch Netherlands (team) 2000"]
[Site "masterchessopen.com Netherlands"]
[Round "9"]
[White "Pliester Leon (NED)"]
[Black "Winants Luc (BEL)"]
[Result "0-1"]
[WhiteElo "2351"]
[BlackElo "2523"]

1.d4 Nf6 2.c4 e6 3.Nc3 Bb4 4.e3 c5 5.Bd3 Nc6 6.Nf3 d5 7.O-O O-O 8.a3 Bxc3
9.bxc3 Qc7 10.cxd5 exd5 11.a4 c4 12.Bb1 Bg4 13.Qe1 Bxf3 14.gxf3 Qd7 15.Kg2 Nh5
16.Rg1 f5 17.f4 g6 18.Kh1 Kh8 19.Ra2 Nd8 20.Qf1 Ne6 21.Qh3 Rf7 22.a5 Rg8
23.Ba3 Nf6 24.Rb2 Ne4 25.Bxe4 fxe4 26.Rxb7 Qxb7 27.Qxe6 h6 28.Bd6 Kh7 29.a6
Qd7 30.Qxd7 Rxd7 31.Be5 Re8 32.Rb1 Kg8 33.h4 Kf7 34.h5 Re6 35.hxg6+ Kxg6
36.Rb7 Rf7 37.f5+ Rxf5 38.Rxa7 Rxf2 39.Rg7+ Kh5 40.a7 Ra6 41.Bh2 Ra1+ 42.Bg1
Rf5 43.Kh2 Ra2+ 44.Kh1 Rg5 45.Rf7 Kg6 {#R} 0-1

[Event "Ch Sweden"]
[Site "masterchessopen.com Oerebro (Sweden)"]
[Round "10"]
[White "Hillarp Persson Tiger (SWE)"]
[Black "Brynell Stellan (SWE)"]
[Result "1-0"]
[WhiteElo "2549"]
[BlackElo "2484"]

1.d4 Nf6 2.c4 e6 3.Nc3 Bb4 4.e3 c5 5.Bd3 Nc6 6.Nf3 d5 7.O-O O-O 8.a3 Bxc3
9.bxc3 Qc7 10.cxd5 exd5 11.Bb2 Bg4 12.Qe1 Bxf3 13.gxf3 Rfe8 14.Kh1 Na5 15.Rg1
cxd4 16.cxd4 Nc4 17.Bc1 Qc6 18.a4 b6 19.Qf1 Rac8 20.Qg2 g6 21.Qg5 Qd6 22.Qh4
Nd7 23.f4 Qf6 24.Rg5 Kg7 25.Qg3 Nc5 26.Rf5 Nxd3 27.Rxf6 Kxf6 28.Qg5+ Kg7
29.Kg1 Nd6 30.Qxd5 Ne4 31.Ba3 Nexf2 32.Qf3 Rc2 33.d5 Ne4 34.d6 f5 35.Rd1 Rf2
36.Qh3 Nd2 37.e4 fxe4 38.Qd7+ Kf8 39.Rxd2 Rxd2 40.Qxh7 Rd1+ 41.Kg2 Nc5 42.Bxc5
bxc5 43.f5 Rd2+ 44.Kf1 {#r} 1-0

[Event "It \"]
[Site "masterchessopen.com Philadelphia (USA)"]
[Round "9"]
[White "Dunne Alex (USA)"]
[Black "Hoekstra Matthew (USA)"]
[Result "1-0"]
[WhiteElo "2261"]
[BlackElo "2162"]

1.d4 Nf6 2.c4 e6 3.Nf3 d5 4.Nc3 Bb4 5.e3 O-O 6.Bd3 c5 7.O-O Nc6 8.a3 Bxc3
9.bxc3 Qc7 10.Qc2 dxc4 11.Bxc4 e5 12.Bb2 Re8 13.Ng5 Nd8 14.d5 e4 15.f3 exf3
16.Rxf3 Qe5 17.Rxf6 Qxe3+ 18.Rf2 Qxg5 19.Bb5 Rf8 20.Qe4 f5 21.Qe5 Qf6 22.Qe3
Qd6 23.c4 Nf7 24.Re1 Nh6 25.Qc3 Qf6 26.Qg3 Qg6 27.Qc7 f4 28.Be8 Qg5 29.d6 Bh3
30.Re5 Qd8 31.Qxg7+ {#r} 1-0

[Event "It (open)"]
[Site "masterchessopen.com Torshavn (Faroe Islands)"]
[Round "7"]
[White "Hansen Herluf (FAI)"]
[Black "Johannessen Leif Erlend (NOR)"]
[Result "0-1"]
[WhiteElo "2047"]
[BlackElo "2422"]

1.d4 e6 2.c4 Nf6 3.Nc3 Bb4 4.e3 O-O 5.Bd3 d5 6.Nf3 c5 7.O-O Nc6 8.a3 Bxc3
9.bxc3 Qc7 10.cxd5 exd5 11.h3 c4 12.Bc2 Re8 13.Nd2 b5 14.Rb1 Qa5 15.Bb2 Bd7
16.Qe1 Re7 17.f3 Rae8 18.e4 Bf5 19.Qf2 Bg6 20.Rbe1 Qc7 21.Qh4 Nxd4 22.cxd4 c3
23.Nb3 cxb2 24.Nc5 dxe4 25.fxe4 Nd7 26.Nxd7 Qxd7 27.Qf2 Bxe4 28.Bxe4 Rxe4
29.Rxe4 Rxe4 30.Rd1 Rxd4 {#R} 0-1

[Event "Ch Georgia"]
[Site "masterchessopen.com Tbilisi (Georgia)"]
[Round "0"]
[White "Sturua Zurab (GEO)"]
[Black "Kacheishvili Giorgi (GEO)"]
[Result "0-1"]
[WhiteElo "2594"]
[BlackElo "2564"]

1.d4 Nf6 2.c4 e6 3.Nc3 Bb4 4.e3 O-O 5.Bd3 c5 6.Nf3 d5 7.O-O Nc6 8.a3 Bxc3
9.bxc3 Qc7 10.cxd5 exd5 11.a4 Re8 12.Ba3 c4 13.Bc2 Ne4 14.Bxe4 Rxe4 15.Nd2 Re8
16.e4 Be6 17.Re1 Qd7 18.f3 b6 19.Rb1 Rab8 20.Nf1 Na5 21.Rb5 a6 22.Rb2 Nb3
23.Ne3 Rbd8 24.a5 dxe4 25.axb6 Qa4 26.Ra2 exf3 27.Qxf3 Qa5 28.Rf1 Qxc3 29.Bb2
Qb4 30.d5 Nd2 31.Qg3 c3 32.dxe6 Nxf1 33.exf7+ Kxf7 34.Qc7+ Qe7 35.Qc4+ Qe6
36.Qxf1+ Kg8 37.Bxc3 Qxe3+ {#R} 0-1

[Event "Ch Russia (juniors) (under 16)"]
[Site "masterchessopen.com Cherepovets (Russia)"]
[Round "0"]
[White "Vitik Vjacheslav (RUS)"]
[Black "Vlasov Egor (RUS)"]
[Result "1-0"]
[WhiteElo "2181"]
[BlackElo "2264"]

1.Nf3 Nf6 2.d4 e6 3.c4 d5 4.Nc3 Bb4 5.e3 c5 6.Bd3 Nc6 7.O-O O-O 8.a3 Bxc3
9.bxc3 Qc7 10.cxd5 exd5 11.a4 c4 12.Bc2 Bg4 13.Ba3 Rfe8 14.Qe1 Bxf3 15.gxf3
Nh5 16.Qb1 Re6 17.Kh1 g6 18.Rg1 Kh8 19.Rg5 Rd8 20.Qg1 f6 21.Rxg6 hxg6 22.Qxg6
Ng3+ 23.hxg3 Qg7 24.Qh5+ Kg8 25.Kg2 Ne7 26.Rh1 f5 27.Bxe7 Rxe7 28.Bxf5 Rd6
29.Rh4 Kf8 30.e4 a6 31.e5 Rc6 32.e6 Qf6 33.Rf4 Rg7 34.Bg4 {#r} 1-0